BIBLIOTECA

SENCICO

Seguridad ocupacional / (Registro nro. 304)

Detalles MARC
000 -LEADER
fixed length control field 01478nam a2200289Ia 4500
003 - CONTROL NUMBER IDENTIFIER
control field PE SENCICO BE
005 - DATE AND TIME OF LATEST TRANSACTION
control field 20251020182433.0
008 - FIXED-LENGTH DATA ELEMENTS--GENERAL INFORMATION
fixed length control field 200515s9999 xx 000 0 und d
020 ## - INTERNATIONAL STANDARD BOOK NUMBER
International Standard Book Number 958-64-8355-X
040 ## - CATALOGING SOURCE
Original cataloging agency PE SENCICO BE
Transcribing agency PE SENCICO BE
041 ## - LANGUAGE CODE
Language code of text/sound track or separate title spa
082 ## - DEWEY DECIMAL CLASSIFICATION NUMBER
Classification number 363.11
Item number T83 2004
100 1# - MAIN ENTRY--PERSONAL NAME
Personal name Trujillo Mejía, Raúl Felipe
9 (RLIN) 2651
Relator term autor
245 10 - TITLE STATEMENT
Title Seguridad ocupacional /
Statement of responsibility, etc. Raúl Felipe Trujillo Mejía
250 ## - EDITION STATEMENT
Edition statement 3a ed.
260 ## - PUBLICATION, DISTRIBUTION, ETC.
Place of publication, distribution, etc. Bogotá :
Name of publisher, distributor, etc. Ecoe Ediciones :
-- Norma ;
Date of publication, distribution, etc. 2004
300 ## - PHYSICAL DESCRIPTION
Extent 299 p. :
Other physical details tbl., graf. ;
Dimensions 24 cm.
490 ## - SERIES STATEMENT
Series statement Biblioteca Luis Ángel Arango
505 0# - FORMATTED CONTENTS NOTE
Formatted contents note Historia de la seguridad ocupacional -- Datos de accidentalidad y estadísticos -- La seguridad ocupacional en el marco de la salud ocupacional -- Hogar seguro, hogar feliz -- Los accidentes de trabajo y sus estadísticas -- Almacenamiento y manipulación de bienes -- Manejo seguro de herramientas -- Manejo seguro de la electricidad -- Tecnología basada del fuego -- Control y extinción del fuego -- Manejo seguro de los gases -- Permisos de trabajo -- Inspecciones planeadas -- Elementos de protección personal -- El control total de pérdidas un lenguaje gerencial.
650 10 - SUBJECT ADDED ENTRY--TOPICAL TERM
Topical term or geographic name entry element Riesgos laborales
9 (RLIN) 610
650 20 - SUBJECT ADDED ENTRY--TOPICAL TERM
Topical term or geographic name entry element Administración de personal
9 (RLIN) 2317
650 20 - SUBJECT ADDED ENTRY--TOPICAL TERM
Topical term or geographic name entry element Seguridad industrial
9 (RLIN) 96
650 20 - SUBJECT ADDED ENTRY--TOPICAL TERM
Topical term or geographic name entry element Accidentes de trabajo
9 (RLIN) 348
650 20 - SUBJECT ADDED ENTRY--TOPICAL TERM
Topical term or geographic name entry element Inspección de fabricas
9 (RLIN) 2652
650 20 - SUBJECT ADDED ENTRY--TOPICAL TERM
Topical term or geographic name entry element Responsabilidad patronal
9 (RLIN) 2653
942 ## - ADDED ENTRY ELEMENTS (KOHA)
Koha item type Libros
Source of classification or shelving scheme Dewey Decimal Classification
Existencias
Fecha de la última vez que lo usaron Número de ingreso o de inventario Pago total Signatura topográfica completa Código de barras Precio efectivo desde Tipo de documento Estado perdido Sistema de clasificación Estado dañado No es para préstamo Retirado Ubicación permanente Ubicación actual Fecha de adquisición
15/05/2020 13236   363.11/T83/2004 BibLima24100047 15/05/2020 Libros   Dewey Decimal Classification       Biblioteca Central Lima Biblioteca Central Lima 15/05/2020